| 000 | 01071nam a2200313 i 4500 | ||
|---|---|---|---|
| 001 | 018188553 | ||
| 003 | EG-ScBUE | ||
| 005 | 20230306035646.0 | ||
| 008 | 170120s2017 enkaf f b 000 f eng d | ||
| 020 | _a9780141387772 | ||
| 040 |
_aStDuBDS _beng _erda _cStDuBDS _dUk _dEG-ScBUE |
||
| 082 | 0 | 4 |
_a813.6 _222 _bASH |
| 100 | 1 |
_aAsher, Jay, _eauthor. |
|
| 245 | 1 | 0 |
_a13 reasons why / _cJay Asher. |
| 246 | 3 | _aThirteen reasons why | |
| 264 | 1 |
_aLondon : _bPenguin Books, _c2017. |
|
| 300 |
_a288 pages, 16 unnumbered pages of plates, 26 unnumbered pages : _billustrations (colour) ; _c20 cm |
||
| 336 |
_atext _2rdacontent _btxt |
||
| 337 |
_aunmediated _2rdamedia _bn |
||
| 338 |
_avolume _2rdacarrier _bnc |
||
| 500 | _aOriginally published: New York: Razorbill, 2007. Republished with bonus material. | ||
| 504 | _aIncludes bibliographical references. | ||
| 650 | 7 |
_aSuicide victims _vFiction. _2BUEsh |
|
| 653 |
_bHHUUEENN _cMarch2023 |
||
| 655 | _vReading book | ||
| 942 |
_2ddc _cBB |
||
| 999 |
_c30206 _d30177 |
||